Comentários ao estatuto da pessoa com deficiência à luz da Constituição da República : (Record no. 202)

MARC details
000 -LÍDER
Campo Fixo de Controle 00967cam a2200253 a 4500
001 - NÚMERO DE CONTROLE
Campo de Controle 202
003 - IDENTIFICAÇÃO DO NÚMERO DE CONTROLE
Campo de Controle BR-CuiBMT
005 - DATA E HORA DA ÚLTIMA ATUALIZAÇÃO
Campo de Controle 20231129041830.0
008 - DADOS FIXOS
Dados Fixos 230829s2021 mgb 000 0 por d
020 ## - INTERNATIONAL STANDARD BOOK NUMBER
Nº do ISBN 9786555182521
040 ## - AGÊNCIA CATALOGADORA
Código da Agência Catalogadora BR-CuiBMT
Agência que transcreveu o registro BR-CuiBMT
080 ## - Nº DA CLASSIFICAÇÃO DECIMAL UNIVERSAL
Nº edição CDU 2007
Nº Class. CDU 342.726-056.26
090 ## - NÚMERO DE CHAMADA
Nº classificação 342.726-056.26
Cutter C732
Ano/Edição 2. ed.
245 00 - TÍTULO PRINCIPAL
Título principal Comentários ao estatuto da pessoa com deficiência à luz da Constituição da República :
Indicação de responsabilidade Heloisa Helena Barboza, Vitor Almeida, coordenadores ; prefácios Francisco J. Bariffi, Gustavo Tepedino.
250 ## - EDIÇÃO
Edição 2. ed., rev., ampl. e atual.
260 ## - PUBLICAÇÃO, DISTRIBUIÇÃO, ETC.
Local de publicação Belo Horizonte :
Editora Fórum,
Data 2021.
300 ## - DESCRIÇÃO FÍSICA
N. páginas ou volumes 448 p. ;
Dimensões 24 cm
504 ## - NOTA DE BIBLIOGRAFIA, ETC.
Nota de bibliografia Inclui bibliografia.
650 ## - ASSUNTO TÓPICO
Cabeçalho tópico ou nome geográfico Pessoa com deficiência
Subdivisão de forma Legislação
Subdivisão geográfica Brasil
650 ## - ASSUNTO TÓPICO
Cabeçalho tópico ou nome geográfico Direitos e garantias individuais
Subdivisão geográfica Brasil
650 ## - ASSUNTO TÓPICO
Cabeçalho tópico ou nome geográfico Cidade inteligente
Subdivisão geral Aspectos jurídicos
700 1# - ENTRADA SECUNDÁRIA -- NOME PESSOAL
Nome pessoal Barboza, Heloisa Helena, Almeida, Vitor
Datas associadas ao nome coord.
942 ## - ELEMENTOS DE ENTRADA ADICIONAIS (KOHA)
Fonte de classificação ou esquema de arquivamento Classificação Decimal Universal
Tipo de item do Koha Livros
Holdings
Estado: removido Estado: perdido Fonte de classificação ou esquema de arquivamento Estado: danificado Indisponível para empréstimo Localização permanente Localização atual Data de aquisição Total Checkouts Número de Chamada completo Código de barras Date last seen Número do exemplar Preço efetivo a partir de Tipo de item (Koha)
    Classificação Decimal Universal     Biblioteca da Escola Superior de Contas do TCE/MT Biblioteca da Escola Superior de Contas do TCE/MT 28/07/2023   342.726-056.26 C732 2. ed. BIBTCEMT23080179 29/08/2023 Ex. 1 29/08/2023 Livros
    Classificação Decimal Universal     Biblioteca da Escola Superior de Contas do TCE/MT Biblioteca da Escola Superior de Contas do TCE/MT 05/12/2023   342.726-056.26 C732 2. ed. BIBTCEMT23120177 05/12/2023 Ex. 2 05/12/2023 Livros
    Classificação Decimal Universal     Biblioteca da Escola Superior de Contas do TCE/MT Biblioteca da Escola Superior de Contas do TCE/MT 05/12/2023   342.726-056.26 C732 2. ed. BIBTCEMT23120178 05/12/2023 Ex. 3 05/12/2023 Livros
    Classificação Decimal Universal     Biblioteca da Escola Superior de Contas do TCE/MT Biblioteca da Escola Superior de Contas do TCE/MT 05/12/2023   342.726-056.26 C732 2. ed. BIBTCEMT23120179 05/12/2023 Ex. 4 05/12/2023 Livros

Powered by Koha